La comprensión del aprendizaje en el aula

Enregistré dans:
Détails bibliographiques
Auteur principal: Entwistle, Noel (Auteur)
Format: Livre
Langue:espagnol
Publié: Barcelona Paidós 1988
Édition:1a. ed
Collection:Temas de educación, 10
Sujets:
Tags: Ajouter un tag
Pas de tags, Soyez le premier à ajouter un tag!

MARC

LEADER 00000nam a2200000 a 4500
001 UCH8093
003 CL-VaPUC
008 091127e19880000SP |||||||||||||||||spa|d
020 |a 8475094937 
082 0 4 |a 370.15  |b ENT  |2 21 
100 0 |a Entwistle, Noel  |e author  |9 544503 
245 1 3 |a La comprensión del aprendizaje en el aula 
250 |a 1a. ed 
300 |a 136 p 
942 |c BK 
945 |d 20091127 00:00:00  |a ccalabra 
260 |a Barcelona  |b Paidós  |c 1988 
650 0 |a Educación  |9 258661 
650 0 |a Técnicas de enseñanza   |9 255352 
650 0 |a Estrategias de aprendizaje  |9 502281 
650 0 |a Calidad de la educación   |9 307271 
650 0 |a Psicología del aprendizaje  |9 306854 
650 0 |a Psicología cognitiva   |9 306250 
583 |a last modification  |c 20091127 00:00:00  |k Rodrigo Vera 
490 0 |a Temas de educación, 10 
999 |c 338337  |d 338335